000 00479nam a22001697a 4500
005 20251108171937.0
008 250721s2003 xx 000 0 ara d
082 1 4 _a641.8/عمر
100 1 _aعمرو، سحر
245 1 0 _aحلويات العالم بين يديك /
264 1 _aعمان :
_bعالم الثقافة للنشر،
_c2003.
300 _a80ص.
650 1 7 _aصناعة الحلويات
650 1 7 _aالحلويات
942 _2ddc
_cBK
999 _c66549
_d66549